[Event "Oberliga Ost B 2016 2017"]
[Site "Germany"]
[Date "2016.10.16"]
[Round "1.5"]
[White "Hellwig, Tobias"]
[Black "Kersten, Uwe"]
[Result "1-0"]
[WhiteElo "2182"]
[BlackElo "2253"]
[PlyCount "97"]
[EventDate "2016.10.16"]
[EventType "team-tourn"]
[EventCountry "GER"]
[WhiteTeam "Sangerhausen SV"]
[BlackTeam "Kasseler SK"]
[WhiteTeamCountry "GER"]
[BlackTeamCountry "GER"]

1. d4 e6 2. c4 Bb4+ 3. Bd2 Qe7 4. Nc3 Nf6 5. Nf3 Bxc3 6. Bxc3 Ne4 7. Qc2 Nxc3
8. Qxc3 d6 9. g3 Nd7 10. Bh3 O-O 11. O-O b6 12. Rac1 Bb7 13. Rfd1 c5 14. Qe3
Rfe8 15. Rd2 Rad8 16. Rcd1 d5 17. cxd5 Bxd5 18. Qa3 Nf6 19. dxc5 Ne4 20. Rd4
Nxc5 21. b4 Ne4 22. Qd3 Nf6 23. Ne5 Qc7 24. f4 g6 25. Bg2 Rc8 26. e4 Ba8 27.
Nc4 Rf8 28. Ne3 e5 29. Rd6 Qe7 30. f5 Rc6 31. Rxc6 Bxc6 32. Qd6 Qxd6 33. Rxd6
Bxe4 34. Rxf6 Bb1 35. fxg6 hxg6 36. Bd5 Kg7 37. Rc6 f5 38. Rc7+ Kf6 39. Rxa7
Rd8 40. Rf7+ Kg5 41. h4+ Kh6 42. Kf2 Bxa2 43. Bxa2 Rd2+ 44. Kf3 Rxa2 45. g4 e4+
46. Kg3 f4+ 47. Rxf4 g5 48. Rf6+ Kg7 49. hxg5 1-0

[Event "Oberliga Ost B 2016 2017"]
[Site "Germany"]
[Date "2016.10.16"]
[Round "1.6"]
[White "Cherny, Andrey"]
[Black "Hillmann, Michael"]
[Result "1-0"]
[WhiteElo "2161"]
[BlackElo "2162"]
[PlyCount "67"]
[EventDate "2016.10.16"]
[EventType "team-tourn"]
[EventCountry "GER"]
[WhiteTeam "Kasseler SK"]
[BlackTeam "Sangerhausen SV"]
[WhiteTeamCountry "GER"]
[BlackTeamCountry "GER"]

1. d4 d5 2. Bf4 Nf6 3. e3 c5 4. c3 Nc6 5. Nd2 e6 6. Ngf3 Bd6 7. Bg3 O-O 8. Bd3
Qe7 9. dxc5 Bxc5 10. b4 Bd6 11. b5 Na5 12. Qa4 b6 13. e4 Nd7 14. e5 Bc7 15. Qf4
Re8 16. O-O f5 17. Rfe1 Nc5 18. Bf1 Bb7 19. Bh4 Qf8 20. g4 Ne4 21. Re3 g6 22.
Bg5 Bd8 23. Bh6 Qe7 24. Nxe4 dxe4 25. Ng5 Bc7 26. Rh3 Qc5 27. Nxh7 Bxe5 28. Qg5
Kf7 29. Qh4 Qe7 30. Bg5 Qc7 31. Nf6 Rh8 32. Qh7+ Rxh7 33. Rxh7+ Kf8 34. Bh6+
1-0

[Event "Oberliga Ost B 2016 2017"]
[Site "Germany"]
[Date "2016.10.16"]
[Round "1.7"]
[White "Duchrow, Oliver"]
[Black "Halt, David"]
[Result "0-1"]
[WhiteElo "2069"]
[BlackElo "2096"]
[PlyCount "78"]
[EventDate "2016.10.16"]
[EventType "team-tourn"]
[EventCountry "GER"]
[WhiteTeam "Sangerhausen SV"]
[BlackTeam "Kasseler SK"]
[WhiteTeamCountry "GER"]
[BlackTeamCountry "GER"]

1. e4 e5 2. Nf3 Nc6 3. Bb5 a6 4. Bxc6 dxc6 5. O-O Qf6 6. d4 exd4 7. Qxd4 Qxd4
8. Nxd4 c5 9. Ne2 Bd7 10. Nbc3 Bd6 11. Bf4 Bxf4 12. Nxf4 Ne7 13. Nfd5 Nxd5 14.
Nxd5 O-O-O 15. Rfd1 Rhe8 16. f3 f5 17. Re1 Re5 18. Nc3 fxe4 19. Re2 Bc6 20.
Rae1 Rd4 21. h3 Kd7 22. Kf2 Kd6 23. Nxe4+ Bxe4 24. Rxe4 Rexe4 25. Rxe4 Rd5 26.
Re8 Kd7 27. Re2 b5 28. Ke1 b4 29. f4 a5 30. g4 a4 31. f5 Rd4 32. Kf2 h5 33. Kf3
hxg4+ 34. hxg4 c4 35. Re4 c5 36. Ke3 b3 37. cxb3 Rd3+ 38. Kf4 axb3 39. axb3
cxb3 0-1

[Event "Oberliga Ost B 2016 2017"]
[Site "Germany"]
[Date "2016.10.16"]
[Round "1.8"]
[White "Schnegelsberg, Karl Heinz"]
[Black "Buerckner, Georg"]
[Result "0-1"]
[WhiteElo "1999"]
[BlackElo "2052"]
[PlyCount "64"]
[EventDate "2016.10.16"]
[EventType "team-tourn"]
[EventCountry "GER"]
[WhiteTeam "Kasseler SK"]
[BlackTeam "Sangerhausen SV"]
[WhiteTeamCountry "GER"]
[BlackTeamCountry "GER"]

1. Nf3 d5 2. d3 Nf6 3. g3 Nbd7 4. Bg2 e5 5. O-O Bd6 6. e4 dxe4 7. dxe4 O-O 8.
Nc3 Nc5 9. Nh4 Bd7 10. Nf5 Bc6 11. Re1 Ne6 12. Nd5 Re8 13. Qf3 Bxd5 14. exd5
Nd4 15. Nxd4 exd4 16. Bd2 Qd7 17. Qd3 Bc5 18. Qc4 Bb6 19. a4 a6 20. a5 Ba7 21.
Bf4 Rac8 22. Be5 Qf5 23. Bxf6 Qxf6 24. Qd3 Re7 25. b3 Rce8 26. Rxe7 Qxe7 27.
Kf1 Qb4 28. Bf3 h6 29. h4 Bc5 30. Kg2 Ba7 31. Be4 Re7 32. Qc4 Qxc4 0-1

[Event "Oberliga Ost B 2016 2017"]
[Site "Germany"]
[Date "2016.10.16"]
[Round "1.1"]
[White "Dorst, Johannes"]
[Black "Dubiel, Jacek"]
[Result "0-1"]
[WhiteElo "2247"]
[BlackElo "2423"]
[PlyCount "110"]
[EventDate "2016.10.16"]
[EventType "team-tourn"]
[EventCountry "GER"]
[WhiteTeam "Marburg SK"]
[BlackTeam "Oberursel SV"]
[WhiteTeamCountry "GER"]
[BlackTeamCountry "GER"]

1. e4 c5 2. Nf3 d6 3. Bb5+ Bd7 4. Bxd7+ Qxd7 5. c4 Qg4 6. O-O Qxe4 7. d4 cxd4
8. Re1 Qg4 9. h3 Qd7 10. Nxd4 Nf6 11. Nc3 Nc6 12. Bg5 e6 13. Nd5 Nxd5 14. cxd5
Nxd4 15. Qxd4 e5 16. Qb4 h6 17. Be3 Be7 18. Rac1 O-O 19. Rc3 Rfc8 20. Rec1 Rxc3
21. Rxc3 f5 22. f4 Bf6 23. Rc2 exf4 24. Bxf4 Be5 25. Bxe5 dxe5 26. d6 Rd8 27.
Rc7 Qxd6 28. Qxd6 Rxd6 29. Rxb7 a6 30. Kf2 Rd2+ 31. Kf1 Kh7 32. Rb6 e4 33. a4
g5 34. b4 Rd4 35. b5 a5 36. g3 Kg7 37. Rb7+ Kf6 38. Rb6+ Kg7 39. Rb7+ Kf6 40.
Rb6+ Ke5 41. Rxh6 Rxa4 42. Rg6 Ra1+ 43. Ke2 Ra2+ 44. Kd1 e3 45. b6 Rb2 46. Rc6
f4 47. Rc2 Rxc2 48. Kxc2 Kd6 49. gxf4 gxf4 50. h4 a4 51. h5 e2 52. Kd2 a3 53.
b7 Kc7 54. b8=B+ Kxb8 55. Kxe2 a2 0-1

[Event "Oberliga Ost B 2016 2017"]
[Site "Germany"]
[Date "2016.10.16"]
[Round "1.2"]
[White "Margolin, Boris"]
[Black "Alber, Horst"]
[Result "1-0"]
[WhiteElo "2391"]
[BlackElo "2318"]
[PlyCount "81"]
[EventDate "2016.10.16"]
[EventType "team-tourn"]
[EventCountry "GER"]
[WhiteTeam "Oberursel SV"]
[BlackTeam "Marburg SK"]
[WhiteTeamCountry "GER"]
[BlackTeamCountry "GER"]

1. e4 g6 2. d4 Bg7 3. Nc3 d6 4. Be3 a6 5. h4 h6 6. h5 g5 7. Nge2 Nc6 8. Qd2 Nf6
9. f3 b5 10. a4 bxa4 11. Rxa4 Bd7 12. Ng3 Qb8 13. b3 Nb4 14. Ra3 a5 15. Be2 c5
16. d5 e6 17. O-O exd5 18. exd5 O-O 19. f4 g4 20. f5 Kh7 21. Bf4 Re8 22. Bc4
Qc7 23. Nd1 Qb7 24. Ne3 Rxe3 25. Bxe3 Nbxd5 26. Bf2 Bc6 27. Rd1 Re8 28. Rxa5
Qc7 29. Ra3 Re5 30. c3 Qe7 31. Ra6 Qb7 32. Rda1 Re7 33. b4 Nxc3 34. Ra7 Qxb4
35. Rxe7 Qxc4 36. Rc1 Nfe4 37. Nxe4 Bxe4 38. Re1 Be5 39. Rxe5 dxe5 40. Kh2 Bxf5
41. Rxe5 1-0

[Event "Oberliga Ost B 2016 2017"]
[Site "Germany"]
[Date "2016.10.16"]
[Round "1.3"]
[White "Henrich, Thomas"]
[Black "Michaelsen, Nils"]
[Result "1/2-1/2"]
[WhiteElo "2212"]
[BlackElo "2396"]
[PlyCount "101"]
[EventDate "2016.10.16"]
[EventType "team-tourn"]
[EventCountry "GER"]
[WhiteTeam "Marburg SK"]
[BlackTeam "Oberursel SV"]
[WhiteTeamCountry "GER"]
[BlackTeamCountry "GER"]

1. e4 c5 2. Nf3 e6 3. d4 cxd4 4. Nxd4 Nc6 5. Nc3 Qc7 6. Be3 a6 7. Qf3 b5 8.
Nxc6 Qxc6 9. O-O-O Bb7 10. Bd3 Nf6 11. Bd4 Be7 12. Rhe1 d6 13. Qg3 e5 14. Be3
Qd7 15. f3 O-O 16. Qf2 Qe6 17. a3 Rac8 18. Qd2 Rfd8 19. g4 Nd7 20. Kb1 Bh4 21.
Rg1 h6 22. Nd5 Bxd5 23. exd5 Qf6 24. Bf5 Bg5 25. Bxg5 hxg5 26. Qa5 Ra8 27. Bxd7
Rxd7 28. Rd3 Qf4 29. Rg3 g6 30. Rb3 Qc4 31. Qd2 Rc8 32. Rb4 Qf1+ 33. Ka2 Rdc7
34. c3 a5 35. Re4 f6 36. Qe3 Qd1 37. Rg2 Qxd5+ 38. Ka1 Qd1+ 39. Ka2 Qd5+ 40.
Ka1 Qe6 41. Qb6 Rc5 42. Qxa5 d5 43. Rb4 Qc6 44. Qa7 d4 45. cxd4 Rc1+ 46. Ka2
Qd5+ 47. Rb3 Rd1 48. Qe7 Rcc1 49. Qe8+ Kg7 50. Qe7+ Kg8 51. Qe8+ 1/2-1/2

[Event "Oberliga Ost B 2016 2017"]
[Site "Germany"]
[Date "2016.10.16"]
[Round "1.4"]
[White "Schlamp, Robert"]
[Black "Duncker, Joachim"]
[Result "1-0"]
[WhiteElo "2263"]
[BlackElo "2269"]
[PlyCount "95"]
[EventDate "2016.10.16"]
[EventType "team-tourn"]
[EventCountry "GER"]
[WhiteTeam "Oberursel SV"]
[BlackTeam "Marburg SK"]
[WhiteTeamCountry "GER"]
[BlackTeamCountry "GER"]

1. c4 Nf6 2. Nf3 g6 3. d4 Bg7 4. Nc3 d6 5. e4 O-O 6. h3 e5 7. d5 Na6 8. Qc2 Nb4
9. Qb3 a5 10. Bg5 Qe8 11. a3 Na6 12. Qc2 Nh5 13. g3 f6 14. Bd2 f5 15. Be2 Nc5
16. Be3 fxe4 17. Nd2 Nd3+ 18. Bxd3 exd3 19. Qxd3 Nf4 20. Qf1 Bf5 21. Nde4 Bxe4
22. Nxe4 Qa4 23. gxf4 Qc2 24. Ng5 exf4 25. Qe2 Qxe2+ 26. Kxe2 fxe3 27. fxe3
Bxb2 28. Rab1 Bxa3 29. Rxb7 h6 30. Ne6 Rf7 31. Ra1 Bc5 32. Nxc5 dxc5 33. Ra4
Ra6 34. Rb5 c6 35. Rxc5 cxd5 36. cxd5 Rfa7 37. e4 Kf7 38. Ke3 Kf6 39. Kd4 Rb6
40. Rc6+ Rxc6 41. dxc6 Ke6 42. Kc5 Ra8 43. Kb6 Rb8+ 44. Ka7 Re8 45. Kb7 Kd6 46.
Rc4 Re7+ 47. c7 a4 48. Rc6+ 1-0

[Event "Oberliga Ost B 2016 2017"]
[Site "Germany"]
[Date "2016.10.16"]
[Round "1.5"]
[White "Schmidt, Arnd"]
[Black "Koller, Jens"]
[Result "1-0"]
[WhiteElo "2139"]
[BlackElo "2203"]
[PlyCount "53"]
[EventDate "2016.10.16"]
[EventType "team-tourn"]
[EventCountry "GER"]
[WhiteTeam "Marburg SK"]
[BlackTeam "Oberursel SV"]
[WhiteTeamCountry "GER"]
[BlackTeamCountry "GER"]

1. Nf3 Nf6 2. g3 g6 3. Bg2 Bg7 4. c4 O-O 5. O-O d6 6. d4 Nc6 7. Nc3 a6 8. b3
Rb8 9. a4 e5 10. d5 Nb4 11. e4 Nd7 12. Na2 Nxa2 13. Rxa2 Nc5 14. Nd2 a5 15. Ba3
f5 16. Bxc5 dxc5 17. Qe2 f4 18. Nb1 Qg5 19. Nc3 h5 20. Kh1 h4 21. gxh4 Qxh4 22.
Bf3 g5 23. Rg1 Rf6 24. Bg4 f3 25. Bxf3 g4 26. Bxg4 Rxf2 27. Qxf2 1-0

[Event "Oberliga Ost B 2016 2017"]
[Site "Germany"]
[Date "2016.10.16"]
[Round "1.6"]
[White "Nichols, Marc"]
[Black "Neidhardt, Helge"]
[Result "0-1"]
[WhiteElo "2137"]
[BlackElo "2040"]
[PlyCount "62"]
[EventDate "2016.10.16"]
[EventType "team-tourn"]
[EventCountry "GER"]
[WhiteTeam "Oberursel SV"]
[BlackTeam "Marburg SK"]
[WhiteTeamCountry "GER"]
[BlackTeamCountry "GER"]

1. e4 e5 2. Nf3 Nc6 3. d4 exd4 4. Nxd4 Nf6 5. Nxc6 bxc6 6. e5 Qe7 7. Qe2 Nd5 8.
c4 Ba6 9. b3 g6 10. Bb2 Bg7 11. Nd2 d6 12. O-O-O Bxe5 13. Bxe5 dxe5 14. Qf3
Qa3+ 15. Kb1 Nb4 16. Qc3 Qxa2+ 17. Kc1 Qa3+ 18. Qb2 Qxb2+ 19. Kxb2 O-O-O 20.
Be2 f5 21. Nf3 Rxd1 22. Rxd1 Re8 23. Ra1 Kb7 24. Ra5 e4 25. Kc3 c5 26. Rxc5
Na2+ 27. Kb2 Kb6 28. Re5 exf3 29. Rxe8 fxg2 30. Rb8+ Kc5 31. Kxa2 g1=Q 0-1

[Event "Oberliga Ost B 2016 2017"]
[Site "Germany"]
[Date "2016.10.16"]
[Round "1.8"]
[White "Falk, Thomas"]
[Black "Nekhamkis, Genadi"]
[Result "0-1"]
[WhiteElo "2053"]
[BlackElo "2102"]
[PlyCount "72"]
[EventDate "2016.10.16"]
[EventType "team-tourn"]
[EventCountry "GER"]
[WhiteTeam "Oberursel SV"]
[BlackTeam "Marburg SK"]
[WhiteTeamCountry "GER"]
[BlackTeamCountry "GER"]

1. Nf3 f5 2. d4 Nf6 3. g3 g6 4. Bg2 Bg7 5. c4 d6 6. Nc3 O-O 7. O-O Nc6 8. d5
Ne5 9. Nxe5 dxe5 10. Qb3 h6 11. Rd1 g5 12. Bd2 a6 13. c5 Kh8 14. Be1 Qe8 15. d6
exd6 16. cxd6 cxd6 17. Rxd6 Qh5 18. Rad1 f4 19. Nd5 Nxd5 20. Qxd5 Qxe2 21. Rd8
Bg4 22. Rxa8 Rxa8 23. f3 Be6 24. Bf1 Qxe1 25. Qxb7 Qxd1 26. Qxa8+ Bg8 27. b3 e4
28. Qxe4 Qd4+ 29. Kg2 Qxe4 30. fxe4 a5 31. gxf4 gxf4 32. Bb5 Be5 33. Bd7 Kg7
34. Kf3 Kf6 35. h4 Bf7 36. Bg4 h5 0-1

[Event "Oberliga Ost B 2016 2017"]
[Site "Germany"]
[Date "2016.10.16"]
[Round "1.1"]
[White "Kunin, Vitaly"]
[Black "Chojnacki, Krzysztof"]
[Result "1-0"]
[WhiteElo "2595"]
[BlackElo "2385"]
[PlyCount "103"]
[EventDate "2016.10.16"]
[EventType "team-tourn"]
[EventCountry "GER"]
[WhiteTeam "Moerlenbach Birkenau Freibauer"]
[BlackTeam "Wiesbadener SV"]
[WhiteTeamCountry "GER"]
[BlackTeamCountry "GER"]

1. d4 Nf6 2. c4 g6 3. Nc3 Bg7 4. e4 d6 5. Be2 O-O 6. Bg5 Na6 7. Qc2 h6 8. Bd2
e5 9. d5 c6 10. a3 cxd5 11. cxd5 Bd7 12. Nf3 Qc7 13. Rc1 Rfc8 14. Qb1 Qd8 15.
O-O Nh5 16. Rfe1 Nf4 17. Bf1 Bg4 18. Re3 Qf6 19. Ne1 h5 20. h3 Bd7 21. Ne2 Nc5
22. Rec3 Bh6 23. Nxf4 Bxf4 24. Bxf4 Qxf4 25. g3 Qf6 26. b4 Na6 27. Rxc8+ Rxc8
28. Rxc8+ Bxc8 29. Qc1 Qd8 30. Qe3 b6 31. h4 Qc7 32. f4 f6 33. fxe5 fxe5 34.
Nf3 Qe7 35. Qh6 Qf7 36. Qc1 Nc7 37. Nxe5 dxe5 38. d6 Qf3 39. Kh2 Ne8 40. Qxc8
Qxf1 41. Qxe8+ Kh7 42. Qe7+ Kg8 43. Qe6+ Kf8 44. Qc8+ Kg7 45. Qc7+ Kg8 46. Qc2
Kf7 47. a4 Ke6 48. Qc8+ Kxd6 49. Qd8+ Kc6 50. Qd5+ Kc7 51. Qxe5+ Kd7 52. Qb5+
1-0

[Event "Oberliga Ost B 2016 2017"]
[Site "Germany"]
[Date "2016.10.16"]
[Round "1.2"]
[White "Dubkov, Andrej"]
[Black "Galdunts, Sergey"]
[Result "1/2-1/2"]
[WhiteElo "2283"]
[BlackElo "2415"]
[PlyCount "27"]
[EventDate "2016.10.16"]
[EventType "team-tourn"]
[EventCountry "GER"]
[WhiteTeam "Wiesbadener SV"]
[BlackTeam "Moerlenbach Birkenau Freibauer"]
[WhiteTeamCountry "GER"]
[BlackTeamCountry "GER"]

1. e4 e5 2. Nf3 Nc6 3. Bc4 Nf6 4. d3 Be7 5. O-O O-O 6. Re1 d6 7. a4 Bg4 8. h3
Bh5 9. a5 a6 10. Nbd2 Nd4 11. g4 Nxf3+ 12. Qxf3 Bg6 13. Nf1 Nd7 14. Be3 1/2-1/2

[Event "Oberliga Ost B 2016 2017"]
[Site "Germany"]
[Date "2016.10.16"]
[Round "1.3"]
[White "Legde, Georg"]
[Black "Gottschalk, Jens"]
[Result "1/2-1/2"]
[WhiteElo "2309"]
[BlackElo "2282"]
[PlyCount "84"]
[EventDate "2016.10.16"]
[EventType "team-tourn"]
[EventCountry "GER"]
[WhiteTeam "Moerlenbach Birkenau Freibauer"]
[BlackTeam "Wiesbadener SV"]
[WhiteTeamCountry "GER"]
[BlackTeamCountry "GER"]

1. d4 Nf6 2. Nf3 g6 3. c4 c5 4. Nc3 cxd4 5. Nxd4 Bg7 6. g3 O-O 7. Bg2 Nc6 8.
O-O a6 9. c5 Qc7 10. Nb3 b6 11. Bf4 Qa7 12. cxb6 Qxb6 13. Rc1 a5 14. Be3 Qb8
15. Na4 Qb5 16. Nd4 Nxd4 17. Bxd4 Rb8 18. Rc5 Qa6 19. Bc3 Qe6 20. Rxa5 d6 21.
Bd4 Bb7 22. b3 Bxg2 23. Kxg2 h5 24. Qd3 h4 25. Nc3 Rfc8 26. Ra4 Qd7 27. Bxf6
Bxf6 28. Nd5 h3+ 29. Kg1 Bg7 30. Rc4 Rxc4 31. Qxc4 Qb7 32. Rc1 e6 33. Nf4 Bh6
34. Qc6 Qb4 35. Rd1 Bxf4 36. gxf4 d5 37. Qc7 Ra8 38. Qe5 Rxa2 39. Rc1 Rc2 40.
Ra1 Qa3 41. f3 Qc5+ 42. Kf1 Rc1+ 1/2-1/2

[Event "Oberliga Ost B 2016 2017"]
[Site "Germany"]
[Date "2016.10.16"]
[Round "1.4"]
[White "Minor, Samuel"]
[Black "Felgendreher, Heiko"]
[Result "1/2-1/2"]
[WhiteElo "2189"]
[BlackElo "2222"]
[PlyCount "128"]
[EventDate "2016.10.16"]
[EventType "team-tourn"]
[EventCountry "GER"]
[WhiteTeam "Wiesbadener SV"]
[BlackTeam "Moerlenbach Birkenau Freibauer"]
[WhiteTeamCountry "GER"]
[BlackTeamCountry "GER"]

1. e4 c5 2. Nf3 Nc6 3. Nc3 Nf6 4. Bb5 Qc7 5. O-O Nd4 6. Bc4 e6 7. d3 Ng4 8. g3
Nxf3+ 9. Qxf3 Ne5 10. Qe2 a6 11. a4 d6 12. Ba2 Be7 13. f4 Nc6 14. f5 Bf6 15.
fxe6 fxe6 16. Bg5 Nd4 17. Qh5+ g6 18. Qh4 Bxg5 19. Qxg5 Qe7 20. Qh6 Nxc2 21.
Rac1 Nd4 22. Rf2 Nc6 23. Rcf1 Ne5 24. Qd2 Bd7 25. d4 cxd4 26. Qxd4 O-O-O 27.
Qb6 Kb8 28. b4 Rc8 29. Qd4 Rhf8 30. b5 Rxf2 31. Rxf2 axb5 32. Nxb5 Bxb5 33.
axb5 Rf8 34. Kg2 Rxf2+ 35. Qxf2 Nd3 36. Qd4 Nc5 37. b6 Qd8 38. Qb4 Qc8 39. Qd4
Qd8 40. Qb4 Qf8 41. Qa3 Qe8 42. Qc3 e5 43. Qc4 Qc8 44. Qd5 Qd8 45. Qg8 Qxg8 46.
Bxg8 h6 47. Kf3 Nd7 48. Bf7 Nxb6 49. Bxg6 Nc4 50. h4 Kc7 51. Kg4 b5 52. Bf7 d5
53. exd5 Kd6 54. Kf5 b4 55. Ke4 b3 56. Kd3 e4+ 57. Kc3 b2 58. Kc2 e3 59. Bh5
Nd2 60. Kxb2 Ne4 61. Kc2 Nxg3 62. Bf3 Nf5 63. Kd3 Nxh4 64. Be4 Nf5 1/2-1/2

[Event "Oberliga Ost B 2016 2017"]
[Site "Germany"]
[Date "2016.10.16"]
[Round "1.5"]
[White "Boehmer, Christian"]
[Black "Kayser, Felix"]
[Result "0-1"]
[WhiteElo "2166"]
[BlackElo "2171"]
[PlyCount "44"]
[EventDate "2016.10.16"]
[EventType "team-tourn"]
[EventCountry "GER"]
[WhiteTeam "Moerlenbach Birkenau Freibauer"]
[BlackTeam "Wiesbadener SV"]
[WhiteTeamCountry "GER"]
[BlackTeamCountry "GER"]

1. Nf3 d5 2. c4 e6 3. d4 c5 4. cxd5 exd5 5. Nc3 Nc6 6. Bg5 Be7 7. Bxe7 Ngxe7 8.
e3 c4 9. Be2 Bf5 10. O-O O-O 11. Nh4 Be6 12. f4 Ng6 13. Nf3 Bf5 14. Ne5 Nb4 15.
Bf3 Nc2 16. Nxd5 Nxa1 17. Qxa1 Nh4 18. Qd1 Nxf3+ 19. Qxf3 Rc8 20. Rc1 f6 21.
Rxc4 fxe5 22. Rxc8 Bxc8 0-1

[Event "Oberliga Ost B 2016 2017"]
[Site "Germany"]
[Date "2016.10.16"]
[Round "1.6"]
[White "Wichmann, Daniel"]
[Black "Klings, Peter"]
[Result "1/2-1/2"]
[WhiteElo "2190"]
[BlackElo "2147"]
[PlyCount "51"]
[EventDate "2016.10.16"]
[EventType "team-tourn"]
[EventCountry "GER"]
[WhiteTeam "Wiesbadener SV"]
[BlackTeam "Moerlenbach Birkenau Freibauer"]
[WhiteTeamCountry "GER"]
[BlackTeamCountry "GER"]

1. e4 c6 2. Nc3 d5 3. Qf3 dxe4 4. Nxe4 Nd7 5. d4 Ndf6 6. Bd3 Nxe4 7. Qxe4 Nf6
8. Qe5 g6 9. Ne2 Bg7 10. O-O O-O 11. Qg3 Qb6 12. a3 Re8 13. b4 e5 14. dxe5 Ng4
15. Bb2 Bxe5 16. Bxe5 Nxe5 17. c3 Nxd3 18. Qxd3 Bf5 19. Qd2 c5 20. Rfe1 Rad8
21. Qg5 Qe6 22. Qc1 Qc4 23. Ng3 Bd3 24. Rxe8+ Rxe8 25. Qd2 cxb4 26. axb4
1/2-1/2

[Event "Oberliga Ost B 2016 2017"]
[Site "Germany"]
[Date "2016.10.16"]
[Round "1.7"]
[White "Schaefer, Michael"]
[Black "Mayer, Frank"]
[Result "1-0"]
[WhiteElo "2166"]
[BlackElo "2145"]
[PlyCount "101"]
[EventDate "2016.10.16"]
[EventType "team-tourn"]
[EventCountry "GER"]
[WhiteTeam "Moerlenbach Birkenau Freibauer"]
[BlackTeam "Wiesbadener SV"]
[WhiteTeamCountry "GER"]
[BlackTeamCountry "GER"]

1. c4 c5 2. Nf3 g6 3. Nc3 Bg7 4. e3 Nf6 5. d4 cxd4 6. exd4 d5 7. Be2 O-O 8. O-O
Nc6 9. Re1 Bg4 10. c5 e6 11. h3 Bxf3 12. Bxf3 Nd7 13. Be3 b6 14. cxb6 Nxb6 15.
Rc1 Qd7 16. Be2 Ne7 17. Bb5 Qb7 18. Qe2 Nf5 19. Ba6 Qd7 20. Nb5 Nc4 21. b3 Ncd6
22. Red1 Nxb5 23. Bxb5 Qd6 24. Qb2 Qb6 25. Be2 Rac8 26. Rxc8 Rxc8 27. Bg4 Nd6
28. Bf3 Rc7 29. g4 Qa5 30. Bd2 Qb6 31. Bf4 Rc6 32. Kg2 Nb5 33. Be3 Qa5 34. a4
Nd6 35. Rc1 Qc7 36. Rxc6 Qxc6 37. Qd2 Qb6 38. Qc3 Qd8 39. Qc5 Qb6 40. Qxb6 axb6
41. Be2 Kf8 42. Kf1 Ke7 43. Ke1 Kd7 44. f3 f5 45. Kd2 Kc6 46. Kd3 h6 47. Bf4 g5
48. Be5 Bxe5 49. dxe5 Nb7 50. gxf5 exf5 51. Kd4 1-0

[Event "Oberliga Ost B 2016 2017"]
[Site "Germany"]
[Date "2016.10.16"]
[Round "1.8"]
[White "Bykov, Vyacheslav"]
[Black "Schoebel Kroehn, Lucas"]
[Result "1/2-1/2"]
[WhiteElo "1935"]
[BlackElo "1959"]
[PlyCount "86"]
[EventDate "2016.10.16"]
[EventType "team-tourn"]
[EventCountry "GER"]
[WhiteTeam "Wiesbadener SV"]
[BlackTeam "Moerlenbach Birkenau Freibauer"]
[WhiteTeamCountry "GER"]
[BlackTeamCountry "GER"]

1. d4 Nf6 2. c4 e6 3. Nc3 Bb4 4. e3 O-O 5. Qc2 b6 6. Nh3 d5 7. Bd3 c5 8. a3
dxc4 9. Bxc4 cxd4 10. axb4 dxc3 11. bxc3 Qc7 12. Bd3 Nc6 13. Ng5 h6 14. Nh7
Nxh7 15. Bxh7+ Kh8 16. Bd3 Ne5 17. Be2 Bb7 18. O-O Rfc8 19. Bd2 Qc6 20. f3 Nc4
21. Bc1 a5 22. bxa5 bxa5 23. Rd1 Ne5 24. Kf2 a4 25. Rd4 Qxc3 26. Qxc3 Rxc3 27.
Bd2 Rc2 28. Bd1 Rb2 29. Raxa4 Rxa4 30. Bxa4 Ba6 31. Kg3 Nc4 32. Bc1 Rb4 33. Bc2
g6 34. Bd3 e5 35. Rd8+ Kg7 36. Ra8 Bb7 37. Ra7 Bd5 38. Rc7 Nb2 39. Be2 Be6 40.
Bd2 Rb3 41. h4 Kf6 42. Rc5 Na4 43. Rc2 Rb2 1/2-1/2

[Event "Oberliga Ost B 2016 2017"]
[Site "Germany"]
[Date "2016.11.19"]
[Round "2.1"]
[White "Feldtmann, Thomas"]
[Black "Teske, Henrik"]
[Result "0-1"]
[WhiteElo "2221"]
[BlackElo "2487"]
[PlyCount "62"]
[EventDate "2016.10.16"]
[EventType "team-tourn"]
[EventCountry "GER"]
[WhiteTeam "Marburg SK"]
[BlackTeam "Erfurt SV Empor"]
[WhiteTeamCountry "GER"]
[BlackTeamCountry "GER"]

1. d4 Nf6 2. c4 e6 3. Nc3 Bb4 4. Qc2 O-O 5. Nf3 d5 6. cxd5 exd5 7. Bf4 Bg4 8.
Ne5 Bh5 9. e3 c5 10. dxc5 d4 11. Nd3 Nc6 12. a3 Bxc3+ 13. bxc3 dxe3 14. Bxe3
Nd5 15. Nf4 Nxf4 16. Bxf4 Re8+ 17. Be3 Qg5 18. Be2 Qxg2 19. O-O-O Rxe3 20. Bxh5
Re5 21. Rhg1 Qh3 22. Bg4 Qxh2 23. Rg3 Rxc5 24. Kb2 g6 25. Qe2 Qh4 26. Rd7 Ne5
27. Rxb7 Rd8 28. Kb3 Qh1 29. Bf3 Qc1 30. Qe3 Qb1+ 31. Ka4 Qc2+ 0-1

[Event "Oberliga Ost B 2016 2017"]
[Site "Germany"]
[Date "2016.11.19"]
[Round "2.2"]
[White "Friedrich, Wiede"]
[Black "Dorst, Johannes"]
[Result "1-0"]
[WhiteElo "2302"]
[BlackElo "2247"]
[PlyCount "131"]
[EventDate "2016.10.16"]
[EventType "team-tourn"]
[EventCountry "GER"]
[WhiteTeam "Erfurt SV Empor"]
[BlackTeam "Marburg SK"]
[WhiteTeamCountry "GER"]
[BlackTeamCountry "GER"]

1. d4 Nf6 2. c4 g6 3. Nc3 Bg7 4. e4 d6 5. Bd3 e5 6. d5 a5 7. Nge2 Na6 8. Bc2
O-O 9. h3 Nd7 10. a3 Nb6 11. b3 f5 12. exf5 gxf5 13. O-O Qh4 14. Rb1 Bd7 15.
Be3 f4 16. Bxb6 f3 17. Be3 fxg2 18. Kxg2 Bxh3+ 19. Kg1 Rf3 20. Ne4 Raf8 21.
N2g3 Qg4 22. Re1 h5 23. Kh2 h4 24. Rg1 hxg3+ 25. Rxg3 Qh5 26. Kg1 Bg4 27. Qd2
b6 28. b4 axb4 29. axb4 Rxg3+ 30. Nxg3 Qh3 31. Be4 Bf6 32. Qd3 Kh8 33. Ra1 Nb8
34. Ra7 Bd8 35. c5 Nd7 36. cxd6 cxd6 37. Bg2 Qh4 38. Qg6 Rf6 39. Qc2 Rf7 40.
Qg6 Rf6 41. Qc2 Nf8 42. Qc1 Rg6 43. Qc6 Bh3 44. Rf7 Nh7 45. Qc2 Rg7 46. Rxg7
Kxg7 47. Qc6 Be7 48. Qxb6 Kf7 49. Qb7 Bxg2 50. Kxg2 Qc4 51. b5 Nf6 52. b6 Nxd5
53. Qa8 Nxb6 54. Bxb6 Qb5 55. Qb7 Ke6 56. Qc8+ Kf7 57. Qf5+ Ke8 58. Be3 Qd5+
59. Kh2 Qf7 60. Qc8+ Bd8 61. Bb6 Qd7 62. Qb8 Ke7 63. Bxd8+ Qxd8 64. Nf5+ Ke8
65. Nxd6+ Kd7 66. Qxd8+ 1-0

[Event "Oberliga Ost B 2016 2017"]
[Site "Germany"]
[Date "2016.11.19"]
[Round "2.3"]
[White "Alber, Horst"]
[Black "Michalowski, Peter"]
[Result "1/2-1/2"]
[WhiteElo "2318"]
[BlackElo "2058"]
[PlyCount "69"]
[EventDate "2016.10.16"]
[EventType "team-tourn"]
[EventCountry "GER"]
[WhiteTeam "Marburg SK"]
[BlackTeam "Erfurt SV Empor"]
[WhiteTeamCountry "GER"]
[BlackTeamCountry "GER"]

1. d4 Nf6 2. c4 e6 3. Nc3 Bb4 4. e3 O-O 5. Bd3 c5 6. d5 exd5 7. cxd5 d6 8. Nf3
Re8 9. O-O h6 10. a3 Bxc3 11. bxc3 Nxd5 12. Bb2 Nf6 13. c4 Nc6 14. h3 Qe7 15.
Rc1 Ne5 16. Bb1 Bd7 17. Re1 Bc6 18. e4 Nxf3+ 19. Qxf3 Nxe4 20. Bxe4 Bxe4 21.
Qf4 g5 22. Qg3 Qf8 23. h4 f6 24. f4 Qg7 25. Rcd1 Rad8 26. fxg5 hxg5 27. Rxd6
Rxd6 28. Qxd6 Qe7 29. Qxe7 Rxe7 30. Bxf6 Re6 31. Bxg5 Kf7 32. Kf2 Bd3 33. Re3
Bxc4 34. Rxe6 Bxe6 35. Be3 1/2-1/2